[Event "MrDodgy Invitational 2"]
[Site "chess24.com INT"]
[Date "2021.05.12"]
[Round "1.9"]
[White "Vidit, Santosh Gujrathi"]
[Black "Nielsen, Peter Heine"]
[Result "1-0"]
[WhiteTitle "GM"]
[BlackTitle "GM"]
[WhiteElo "2726"]
[BlackElo "2618"]
[WhiteFideId "5029465"]
[BlackFideId "1400355"]
[EventDate "2021.05.12"]
[EventType "k.o."]

1. e4 c5 2. Nf3 d6 3. d4 cxd4 4. Nxd4 Nf6 5. Nc3 g6 6. Be2 Bg7 7. O-O O-O 8. Be3
Nc6 9. a4 Bd7 10. Qd2 Nxd4 11. Bxd4 Bc6 12. Bf3 Qa5 13. Rfd1 Rfc8 14. Bxf6 Bxf6
15. Nd5 Qxd2 16. Nxf6+ Kg7 17. Nh5+ gxh5 18. Rxd2 h4 19. c3 a5 20. Rd4 Ra6 21.
Rad1 Rb6 22. R1d2 f6 23. Bg4 Rc7 24. Be6 Be8 25. f3 Rc5 26. Kf2 Bf7 27. Bxf7
Kxf7 28. Ke3 Kg6 29. f4 Kf7 30. Kf3 h5 31. Rd5 Rxd5 32. Rxd5 Rxb2 33. Rxa5 Rb3
34. Rxh5 Rxc3+ 35. Kg4 Rc4 36. Rb5 Rxe4 37. a5 Ra4 38. Kf3 Ke6 39. f5+ Kf7 40.
g3 h3 41. Rxb7 Rxa5 42. Kg4 Kg7 43. Rxe7+ Kh6 44. Re6 Ra4+ 45. Kxh3 Kg5 46. Rxd6
Kxf5 47. Rd2 Kg6 48. Rd8 Kg7 49. Rd7+ Kg6 50. Rd2 Kg5 51. Rf2 Kg6 52. Rf4 Ra2
53. g4 Kg5 54. Rf5+ Kg6 55. Kg3 Ra3+ 56. Rf3 Ra2 57. h4 Ra7 58. h5+ Kf7 59. Kh4
Ra4 60. Rf2 Kg7 61. Kg3 Ra3+ 62. Rf3 Ra4 63. Re3 Rb4 64. Re7+ Kh6 65. Re8 Kg7
66. Re3 Ra4 67. Kf3 1-0

[Event "MrDodgy Invitational 2"]
[Site "chess24.com INT"]
[Date "2021.05.12"]
[Round "1.10"]
[White "Nielsen, Peter Heine"]
[Black "Vidit, Santosh Gujrathi"]
[Result "1/2-1/2"]
[WhiteTitle "GM"]
[BlackTitle "GM"]
[WhiteElo "2618"]
[BlackElo "2726"]
[WhiteFideId "1400355"]
[BlackFideId "5029465"]
[EventDate "2021.05.12"]
[EventType "k.o."]

1. e4 c5 2. Nf3 e6 3. c4 Nc6 4. Nc3 Nf6 5. Be2 d5 6. exd5 exd5 7. d4 cxd4 8.
Nxd4 Bc5 9. Be3 Bxd4 10. Bxd4 dxc4 11. Bc5 Be6 12. O-O Qa5 13. Ba3 Rd8 14. Qc1
Nb4 15. b3 Nc2 16. Qxc2 Qxa3 17. Bxc4 Bxc4 18. bxc4 O-O 19. Rad1 b6 20. Nd5 Nxd5
21. cxd5 Rd7 22. Rd3 Qc5 23. Qd2 Rfd8 24. Rd1 Qd6 25. h4 h6 26. g3 b5 27. Qa5 b4
28. Rd4 Rb8 29. Rb1 Qb6 30. Qxb6 Rxb6 31. Rbxb4 Rxb4 32. Rxb4 Rxd5 33. Rb8+ Kh7
34. Rb7 Ra5 35. Rxf7 Rxa2 36. h5 Ra5 37. Kg2 Rxh5 38. Rxa7 Rf5 1/2-1/2

[Event "MrDodgy Invitational 2"]
[Site "chess24.com INT"]
[Date "2021.05.12"]
[Round "1.11"]
[White "Vidit, Santosh Gujrathi"]
[Black "Nielsen, Peter Heine"]
[Result "1/2-1/2"]
[WhiteTitle "GM"]
[BlackTitle "GM"]
[WhiteElo "2726"]
[BlackElo "2618"]
[WhiteFideId "5029465"]
[BlackFideId "1400355"]
[EventDate "2021.05.12"]
[EventType "k.o."]

1. d4 Nf6 2. c4 g6 3. g3 Bg7 4. Bg2 O-O 5. Nc3 d6 6. Nf3 Nbd7 7. O-O e5 8. e4
exd4 9. Nxd4 Re8 10. Re1 a5 11. h3 Nc5 12. Ndb5 Bd7 13. Qc2 a4 14. Be3 Bc6 15.
Bxc5 dxc5 16. Rad1 Nd7 17. Nxa4 Bxb5 18. cxb5 Bd4 19. Nc3 Qf6 20. Nd5 Qd6 21. b3
Ra3 22. Nxc7 Qxc7 23. Rxd4 Qa5 24. Rd2 Ne5 25. Red1 Qxb5 26. Rd8 Ra8 27. Rxa8
Rxa8 28. Rd5 Nc6 29. Rxc5 Qb4 30. Qc3 Qxc3 31. Rxc3 Rxa2 32. e5 Rb2 33. Bxc6
bxc6 34. Rxc6 Rxb3 35. Kg2 Rb5 36. e6 fxe6 37. Rxe6 Rb3 38. Re3 Rb2 39. h4 Kf7
40. g4 Rb4 41. Kg3 h5 42. gxh5 gxh5 43. f3 Ra4 44. Re5 Kg6 45. Re6+ Kg7 46. Re5
Kg6 47. Re6+ Kg7 48. Re5 Kh6 49. Re6+ Kh7 50. Re5 Kg6 1/2-1/2

[Event "MrDodgy Invitational 2"]
[Site "chess24.com INT"]
[Date "2021.05.12"]
[Round "1.1"]
[White "Navara, David"]
[Black "Adhiban, Baskaran"]
[Result "0-1"]
[WhiteTitle "GM"]
[BlackTitle "GM"]
[WhiteElo "2697"]
[BlackElo "2660"]
[WhiteFideId "309095"]
[BlackFideId "5018471"]
[EventDate "2021.05.12"]
[EventType "k.o."]

1. c4 Nf6 2. Nc3 g6 3. e4 d6 4. d4 Bg7 5. Nf3 O-O 6. Be2 e5 7. O-O Na6 8. Be3
Qe7 9. dxe5 dxe5 10. Nd5 Qd8 11. Bg5 Nc5 12. Nxf6+ Bxf6 13. Qxd8 Bxd8 14. Bxd8
Rxd8 15. Nxe5 Rd2 16. Bf3 Rxb2 17. Rfb1 Rxb1+ 18. Rxb1 Be6 19. Rd1 Kf8 20. a3
Ke7 21. h4 Rd8 22. Rxd8 Kxd8 23. h5 Ke7 24. hxg6 hxg6 25. Kf1 Kd6 26. Ng4 Bxg4
27. Bxg4 Ke5 28. f3 Kd4 29. Ke2 Kxc4 30. Ke3 b5 31. Kf4 Kd4 32. Kg5 a5 33. Kf6
b4 34. axb4 axb4 35. f4 Kxe4 36. g3 Kd3 37. f5 b3 38. Kxf7 gxf5 39. Bxf5+ Ne4
40. Ke6 Kd4 0-1

[Event "MrDodgy Invitational 2"]
[Site "chess24.com INT"]
[Date "2021.05.12"]
[Round "1.3"]
[White "Navara, David"]
[Black "Adhiban, Baskaran"]
[Result "1/2-1/2"]
[WhiteTitle "GM"]
[BlackTitle "GM"]
[WhiteElo "2697"]
[BlackElo "2660"]
[WhiteFideId "309095"]
[BlackFideId "5018471"]
[EventDate "2021.05.12"]
[EventType "k.o."]

1. c4 Nf6 2. Nc3 g6 3. e4 d6 4. d4 Bg7 5. Nf3 O-O 6. Be2 e5 7. O-O Na6 8. Be3
Qe7 9. Re1 c6 10. d5 Ng4 11. Bg5 f6 12. Bd2 f5 13. Ng5 h6 14. exf5 Nxf2 15. Kxf2
hxg5 16. f6 Bxf6 17. Kg1 Bd7 18. Be3 e4 19. Qd2 Rae8 20. Rad1 c5 21. a3 Nc7 22.
Rf1 Be5 23. Bxg5 Rxf1+ 24. Bxf1 e3 25. Qxe3 Bxh2+ 26. Kxh2 Qxe3 27. Bxe3 Rxe3
28. Bd3 Kg7 29. Kg1 Ne8 30. Kf2 Re7 31. Ne4 Bf5 32. Ng5 Kf6 33. Nf3 Ng7 34. b4
b6 35. Bxf5 Nxf5 36. Rd3 Re4 37. Rc3 g5 38. Nd2 Rf4+ 39. Rf3 Ke5 40. g3 Rd4 41.
Ke2 Rg4 42. Kf2 Rd4 43. Ke2 cxb4 44. axb4 b5 45. Ra3 g4 46. cxb5 Rxb4 47. Rxa7
Rxb5 48. Ra4 Nd4+ 49. Kd3 Rxd5 50. Nc4+ Kf5 51. Ne3+ Ke5 52. Nxd5 Ne6 53. Ne3
Nc5+ 54. Kc4 Nxa4 55. Nxg4+ Ke4 56. Nf6+ Kf5 57. Kd5 Kxf6 58. Kxd6 Kg5 59. g4
Kxg4 1/2-1/2

[Event "MrDodgy Invitational 2"]
[Site "chess24.com INT"]
[Date "2021.05.12"]
[Round "1.4"]
[White "Adhiban, Baskaran"]
[Black "Navara, David"]
[Result "0-1"]
[WhiteTitle "GM"]
[BlackTitle "GM"]
[WhiteElo "2660"]
[BlackElo "2697"]
[WhiteFideId "5018471"]
[BlackFideId "309095"]
[EventDate "2021.05.12"]
[EventType "k.o."]

1. b3 e5 2. Bb2 Nc6 3. c4 Nf6 4. Nf3 e4 5. Nd4 Bc5 6. Nf5 O-O 7. e3 d5 8. cxd5
Nb4 9. Qc1 Bb6 10. Ng3 Nfxd5 11. a3 Nd3+ 12. Bxd3 exd3 13. O-O Be6 14. Nc3 c5
15. Na4 Rc8 16. Kh1 Qe7 17. f4 f5 18. Nxb6 Nxb6 19. Nh5 Rf7 20. Rf3 c4 21. b4 c3
22. Bxc3 Nd5 23. Ng3 Nxc3 24. dxc3 Bd5 25. Rf2 Qf6 26. Qb2 Rxc3 27. Nxf5 Rfc7
28. e4 Rc2 29. Qxf6 gxf6 30. Rxc2 dxc2 31. Rc1 Bxe4 32. Ne3 Rc3 33. Ng4 Kf7 34.
Kg1 Rb3 0-1

[Event "MrDodgy Invitational 2"]
[Site "chess24.com INT"]
[Date "2021.05.12"]
[Round "1.5"]
[White "Navara, David"]
[Black "Adhiban, Baskaran"]
[Result "1-0"]
[WhiteTitle "GM"]
[BlackTitle "GM"]
[WhiteElo "2697"]
[BlackElo "2660"]
[WhiteFideId "309095"]
[BlackFideId "5018471"]
[EventDate "2021.05.12"]
[EventType "k.o."]

1. c4 Nf6 2. Nf3 g6 3. g3 Bg7 4. Bg2 O-O 5. d4 d6 6. O-O Nbd7 7. Nc3 e5 8. e4 a6
9. h3 exd4 10. Nxd4 Re8 11. Be3 Rb8 12. b3 Ne5 13. Rc1 Bd7 14. f4 Nc6 15. Kh2 h5
16. Re1 Qc8 17. Bg1 Nxd4 18. Bxd4 c5 19. Bxf6 Bxf6 20. Qxd6 Bd4 21. Nd5 Qd8 22.
e5 h4 23. Nf6+ Kh8 24. Qxd7 hxg3+ 25. Kxg3 1-0

[Event "MrDodgy Invitational 2"]
[Site "chess24.com INT"]
[Date "2021.05.12"]
[Round "1.6"]
[White "Adhiban, Baskaran"]
[Black "Navara, David"]
[Result "0-1"]
[WhiteTitle "GM"]
[BlackTitle "GM"]
[WhiteElo "2660"]
[BlackElo "2697"]
[WhiteFideId "5018471"]
[BlackFideId "309095"]
[EventDate "2021.05.12"]
[EventType "k.o."]

1. b3 e5 2. Bb2 Nc6 3. c4 Nf6 4. Nf3 e4 5. Nd4 Bc5 6. Nf5 O-O 7. e3 d5 8. cxd5
Nb4 9. Qc1 Bb6 10. Ng3 Nfxd5 11. a3 Nd3+ 12. Bxd3 exd3 13. O-O Be6 14. Nc3 c5
15. Kh1 Rc8 16. f4 f6 17. Rb1 a5 18. e4 Nxc3 19. Bxc3 Bc7 20. Qb2 b5 21. b4 cxb4
22. axb4 a4 23. f5 Bb3 24. e5 Bxe5 25. Bxe5 Rc2 26. Qd4 fxe5 27. Qxe5 Rxd2 28.
f6 Qd5 29. f7+ Kh8 30. Qe4 Qxe4 31. Nxe4 Re2 32. Nc5 Bd5 33. Rf5 d2 34. Kg1 Re1+
35. Rf1 Rxb1 36. Rxb1 Rxf7 37. Rd1 Bc4 38. Ne4 Be2 0-1

[Event "MrDodgy Invitational 2"]
[Site "chess24.com INT"]
[Date "2021.05.12"]
[Round "1.7"]
[White "Navara, David"]
[Black "Adhiban, Baskaran"]
[Result "0-1"]
[WhiteTitle "GM"]
[BlackTitle "GM"]
[WhiteElo "2697"]
[BlackElo "2660"]
[WhiteFideId "309095"]
[BlackFideId "5018471"]
[EventDate "2021.05.12"]
[EventType "k.o."]

1. c4 g6 2. Nf3 Bg7 3. d4 Nf6 4. g3 O-O 5. Bg2 d6 6. O-O Nc6 7. Nc3 Bd7 8. b3 e5
9. d5 Nb8 10. e4 a5 11. Ne1 Na6 12. Nd3 b6 13. Bg5 h6 14. Be3 Ng4 15. Bd2 f5 16.
f3 Nf6 17. Qc2 Nc5 18. a3 Nxd3 19. Qxd3 f4 20. b4 fxg3 21. hxg3 h5 22. c5 bxc5
23. bxc5 h4 24. gxh4 Nh5 25. c6 Bc8 26. Bg5 Bf6 27. Qd2 Nf4 28. Ne2 Bxg5 29.
hxg5 Nxe2+ 30. Qxe2 Ba6 31. Qe3 Bxf1 32. Rxf1 Rb8 33. Bh3 Rf4 34. Be6+ Kg7 35.
Qf2 Qxg5+ 36. Qg2 Qh6 37. a4 Rh4 38. Qg3 Rh1+ 0-1

[Event "MrDodgy Invitational 2"]
[Site "chess24.com INT"]
[Date "2021.05.12"]
[Round "1.8"]
[White "Adhiban, Baskaran"]
[Black "Navara, David"]
[Result "1-0"]
[WhiteTitle "GM"]
[BlackTitle "GM"]
[WhiteElo "2660"]
[BlackElo "2697"]
[WhiteFideId "5018471"]
[BlackFideId "309095"]
[EventDate "2021.05.12"]
[EventType "k.o."]

1. b3 e5 2. Bb2 Nc6 3. c4 Nf6 4. e3 d5 5. cxd5 Nxd5 6. a3 Bd6 7. d3 O-O 8. Nd2
f5 9. Ngf3 Qe7 10. b4 Bd7 11. Nc4 b5 12. Nxd6 cxd6 13. g3 a5 14. bxa5 Nxa5 15.
Bg2 Nb6 16. O-O Na4 17. Rb1 Nxb2 18. Rxb2 Bc6 19. Nd2 d5 20. Qa1 f4 21. exf4
exf4 22. Nf3 d4 23. Re1 Qb7 24. Nh4 f3 25. Bh3 Bd7 26. Re7 Rf7 27. Qa2 Nc4 28.
Rxd7 Rxd7 29. dxc4 Re7 30. Rb1 b4 31. c5+ Kh8 32. Qc4 bxa3 33. Rxb7 Rxb7 34. c6
Rb1+ 35. Bf1 a2 36. c7 Rf8 37. c8=Q Rxf1+ 38. Qxf1 Rxc8 39. Qa1 d3 40. Nxf3 Rc2
41. h4 d2 42. Nxd2 Rxd2 43. Kg2 h5 44. Qc3 Re2 45. Qd4 Rc2 46. Qd8+ Kh7 47. Qd3+
Kh8 48. Qa6 Rb2 49. g4 hxg4 50. h5 Rc2 51. h6 1-0

[Event "MrDodgy Invitational 2"]
[Site "chess24.com INT"]
[Date "2021.05.12"]
[Round "1.9"]
[White "Navara, David"]
[Black "Adhiban, Baskaran"]
[Result "1-0"]
[WhiteTitle "GM"]
[BlackTitle "GM"]
[WhiteElo "2697"]
[BlackElo "2660"]
[WhiteFideId "309095"]
[BlackFideId "5018471"]
[EventDate "2021.05.12"]
[EventType "k.o."]

1. e4 c5 2. Nf3 d6 3. d4 cxd4 4. Nxd4 Nf6 5. Nc3 g6 6. Be3 Bg7 7. f3 a6 8. Qd2
h5 9. Be2 Nbd7 10. a4 b6 11. Nd5 Bb7 12. c4 O-O 13. O-O e6 14. Nxf6+ Nxf6 15. a5
bxa5 16. Nb3 Rb8 17. Nxa5 Ba8 18. Ba7 Rc8 19. Bd4 d5 20. exd5 exd5 21. c5 Qe7
22. b4 Rcd8 23. Bxa6 Ne4 24. Qb2 Bxd4+ 25. Qxd4 Ng5 26. Rfe1 Ne6 27. Qd2 Qf6 28.
Nb7 Bxb7 29. Bxb7 Rb8 30. c6 Nd4 31. Rac1 Rxb7 32. cxb7 Nb3 33. Qc3 Qb6+ 34. Qe3
Qxe3+ 35. Rxe3 Nxc1 36. Ra3 Ne2+ 37. Kf2 Nd4 38. b5 1-0

[Event "MrDodgy Invitational 2"]
[Site "chess24.com INT"]
[Date "2021.05.12"]
[Round "1.10"]
[White "Adhiban, Baskaran"]
[Black "Navara, David"]
[Result "0-1"]
[WhiteTitle "GM"]
[BlackTitle "GM"]
[WhiteElo "2660"]
[BlackElo "2697"]
[WhiteFideId "5018471"]
[BlackFideId "309095"]
[EventDate "2021.05.12"]
[EventType "k.o."]

1. b3 e5 2. Bb2 Nc6 3. c4 Nf6 4. e3 d5 5. cxd5 Nxd5 6. a3 Bd6 7. d3 O-O 8. Nd2
Qe7 9. Ngf3 f5 10. b4 Bd7 11. Nc4 b5 12. Nxd6 cxd6 13. g3 Nb6 14. Bg2 Na4 15.
O-O Nxb2 16. Qb3+ Nc4 17. dxc4 Be6 18. Nd2 e4 19. Qc3 bxc4 20. Nxc4 Rac8 21. Nd2
Ne5 22. Qd4 Rc2 23. Rad1 Rfc8 24. a4 Nc6 25. Qa1 Nxb4 26. Qd4 Nc6 27. Qa1 Ra2
28. Qb1 Rb8 29. Qc1 Ne5 30. Qc3 Rc8 31. Qb4 Nd3 32. Qd4 Rcc2 33. Nxe4 fxe4 34.
Bxe4 Nxf2 35. Bxc2 Nh3+ 36. Kh1 Rxc2 37. e4 Bc4 38. Rb1 h6 39. Rb8+ Kh7 40. Rff8
Rc1+ 41. Kg2 Qe6 42. Rb7 Rg1+ 43. Kf3 Rf1+ 44. Kg2 Rg1+ 45. Kf3 Ng5+ 46. Ke3
Re1+ 47. Kd2 Nxe4+ 48. Kxe1 Nf6+ 49. Kd2 Qe2+ 50. Kc3 Nd5+ 51. Qxd5 Bxd5 52. Rb4
Qe1+ 53. Kd3 Qxb4 54. Rf4 Qb3+ 55. Kd4 Qc4+ 56. Ke3 Qc3+ 0-1

[Event "MrDodgy Invitational 2"]
[Site "chess24.com INT"]
[Date "2021.05.12"]
[Round "1.11"]
[White "Navara, David"]
[Black "Adhiban, Baskaran"]
[Result "1-0"]
[WhiteTitle "GM"]
[BlackTitle "GM"]
[WhiteElo "2697"]
[BlackElo "2660"]
[WhiteFideId "309095"]
[BlackFideId "5018471"]
[EventDate "2021.05.12"]
[EventType "k.o."]

1. e4 c5 2. Nf3 d6 3. d4 cxd4 4. Qxd4 Nf6 5. Be2 Nc6 6. Qe3 g6 7. O-O Bg7 8. Rd1
O-O 9. h3 Qb6 10. Qxb6 axb6 11. Nc3 Nb4 12. a3 Na6 13. Be3 Nc5 14. e5 dxe5 15.
Nxe5 Bf5 16. Rac1 Nfe4 17. Nxe4 Bxe5 18. Nxc5 bxc5 19. c3 b6 20. g4 Be6 21. f4
Bc7 22. Kf2 f5 23. g5 Ra4 24. c4 h6 25. h4 Kg7 26. gxh6+ Kxh6 27. h5 gxh5 28.
Rh1 Bf7 29. Rcg1 Rxc4 30. Bxh5 Bxh5 31. Rg5 Rxf4+ 32. Bxf4 Bxf4 33. Rhxh5# 1-0

[Event "MrDodgy Invitational 2"]
[Site "chess24.com INT"]
[Date "2021.05.13"]
[Round "1.1"]
[White "Grandelius, Nils"]
[Black "Shirov, Alexei"]
[Result "1-0"]
[WhiteTitle "GM"]
[BlackTitle "GM"]
[WhiteElo "2670"]
[BlackElo "2662"]
[WhiteFideId "1710400"]
[BlackFideId "2209390"]
[EventDate "2021.05.12"]
[EventType "k.o."]

1. e4 c5 2. Nf3 d6 3. d4 cxd4 4. Nxd4 Nf6 5. Nc3 g6 6. Be3 Bg7 7. f3 O-O 8. Qd2
Nc6 9. O-O-O d5 10. Nxc6 bxc6 11. Bh6 Bxh6 12. Qxh6 Qb6 13. e5 Nd7 14. h4 Rb8
15. b3 Qc5 16. h5 g5 17. Bd3 f5 18. Qxg5+ Kh8 19. h6 Rg8 20. Qd2 Nxe5 21. Rde1
d4 22. Na4 Qd6 23. Kb1 Nf7 24. Bc4 e6 25. Re2 Bd7 26. Qa5 Rg6 27. Qxa7 Rbg8 28.
Rd1 Rxh6 29. Qxd4+ Qxd4 30. Rxd4 Bc8 31. Nc5 e5 32. Rd1 Rf8 33. Bxf7 Rxf7 34.
Rd8+ 1-0

[Event "MrDodgy Invitational 2"]
[Site "chess24.com INT"]
[Date "2021.05.13"]
[Round "1.2"]
[White "Shirov, Alexei"]
[Black "Grandelius, Nils"]
[Result "0-1"]
[WhiteTitle "GM"]
[BlackTitle "GM"]
[WhiteElo "2662"]
[BlackElo "2670"]
[WhiteFideId "2209390"]
[BlackFideId "1710400"]
[EventDate "2021.05.12"]
[EventType "k.o."]

1. Nf3 d5 2. g3 g6 3. d4 Bg7 4. Bg2 Nf6 5. O-O O-O 6. c4 dxc4 7. Na3 c3 8. bxc3
c5 9. Nc4 Be6 10. Nce5 Bd5 11. c4 Be4 12. d5 Nbd7 13. Bb2 Nxe5 14. Bxe5 Qa5 15.
Qd2 Qa4 16. Qb2 b6 17. Nd2 Bxg2 18. Kxg2 Rad8 19. e4 Nh5 20. Bxg7 Nxg7 21. Rac1
e6 22. Rfe1 Rfe8 23. Qb3 Qd7 24. a4 h5 25. Rcd1 h4 26. Nf3 h3+ 27. Kf1 exd5 28.
exd5 Qf5 29. Qd3 Rxe1+ 30. Kxe1 Qf6 31. Kf1 Nf5 32. Re1 Nd6 33. Ne5 Re8 34. f4
Qf5 35. Qc3 f6 36. Nc6 Rxe1+ 37. Qxe1 Qd3+ 38. Kg1 Ne4 39. Qf1 Qe3+ 40. Kh1 Nf2+
41. Kg1 Ng4+ 42. Kh1 Qd2 0-1

[Event "MrDodgy Invitational 2"]
[Site "chess24.com INT"]
[Date "2021.05.13"]
[Round "1.4"]
[White "Shirov, Alexei"]
[Black "Grandelius, Nils"]
[Result "0-1"]
[WhiteTitle "GM"]
[BlackTitle "GM"]
[WhiteElo "2662"]
[BlackElo "2670"]
[WhiteFideId "2209390"]
[BlackFideId "1710400"]
[EventDate "2021.05.12"]
[EventType "k.o."]

1. Nf3 c5 2. g3 Nc6 3. d4 cxd4 4. Nxd4 g6 5. c4 Bg7 6. Nb5 d6 7. Bg2 Nf6 8. O-O
O-O 9. N1c3 a6 10. Na3 Be6 11. Nd5 Rb8 12. Bg5 Nd7 13. Qd2 Re8 14. Rac1 Nde5 15.
f4 Ng4 16. e3 h6 17. Bh4 Na5 18. h3 Nf6 19. g4 b5 20. Nxf6+ exf6 21. cxb5 axb5
22. b3 b4 23. Nc2 Bxb3 24. axb3 Nxb3 25. Qd3 Nxc1 26. Rxc1 b3 27. Nd4 b2 28. Rb1
Qb6 29. f5 g5 30. Be1 Rec8 31. Bd2 Qc5 32. Bf1 d5 33. Nb3 Qc2 34. Nd4 Qc7 35.
Kg2 h5 36. gxh5 Bf8 37. Be2 Qe5 38. Nf3 Qc7 39. Qd4 Qc2 40. Qxf6 Qxb1 41. Qxg5+
Kh8 42. Qf6+ Bg7 43. Qxf7 Rf8 44. Qg6 Qxf5 45. Qg3 b1=Q 0-1

[Event "MrDodgy Invitational 2"]
[Site "chess24.com INT"]
[Date "2021.05.13"]
[Round "1.5"]
[White "Grandelius, Nils"]
[Black "Shirov, Alexei"]
[Result "1-0"]
[WhiteTitle "GM"]
[BlackTitle "GM"]
[WhiteElo "2670"]
[BlackElo "2662"]
[WhiteFideId "1710400"]
[BlackFideId "2209390"]
[EventDate "2021.05.12"]
[EventType "k.o."]

1. e4 e5 2. Nf3 Nc6 3. Bb5 a6 4. Ba4 Nf6 5. O-O Be7 6. d3 b5 7. Bb3 d6 8. a4 Bg4
9. c3 O-O 10. Nbd2 b4 11. h3 Bh5 12. a5 Rb8 13. Bc4 Qc8 14. Re1 Nd7 15. Nf1 Kh8
16. g4 Bg6 17. Ng3 Nd8 18. Nf5 Bxf5 19. exf5 bxc3 20. bxc3 Qb7 21. Ba2 Qc6 22.
Bd2 Nc5 23. Bc4 f6 24. Qe2 d5 25. Ba2 Bd6 26. d4 Ne4 27. dxe5 fxe5 28. Qd3 Nf6
29. Nxe5 Bxe5 30. Rxe5 Nf7 31. Re6 Qa4 32. Ree1 Qxa5 33. g5 Nh5 34. Bxd5 Qc5 35.
Qf3 Rbd8 36. Bxf7 Rxf7 37. Be3 Qxf5 38. Qxh5 1-0

[Event "MrDodgy Invitational 2"]
[Site "chess24.com INT"]
[Date "2021.05.13"]
[Round "1.6"]
[White "Shirov, Alexei"]
[Black "Grandelius, Nils"]
[Result "1/2-1/2"]
[WhiteTitle "GM"]
[BlackTitle "GM"]
[WhiteElo "2662"]
[BlackElo "2670"]
[WhiteFideId "2209390"]
[BlackFideId "1710400"]
[EventDate "2021.05.12"]
[EventType "k.o."]

1. d4 Nf6 2. c4 g6 3. Nc3 d5 4. cxd5 Nxd5 5. Bd2 Bg7 6. e4 Nb6 7. Be3 O-O 8. Bb5
Nc6 9. Bxc6 bxc6 10. Nge2 Nc4 11. O-O e5 12. d5 Nxe3 13. fxe3 cxd5 14. exd5 Bb7
15. Qb3 Rb8 16. Qa3 Qd6 17. Qxa7 Ba6 18. Ne4 Qxd5 19. N2c3 Qa8 20. Qxa8 Rxa8 21.
Rfd1 f5 22. Nc5 Bc4 23. b3 Bf7 24. a4 e4 25. Rac1 Rfb8 26. Nb5 c6 27. Nd4 Bxd4
28. Rxd4 Bxb3 29. Nd7 Rd8 30. Rxc6 Rxd7 31. Rxd7 Bxa4 32. Rcc7 Bxd7 33. Rxd7 Ra2
34. Kf1 Rb2 35. h4 Ra2 36. g3 Rc2 37. Rb7 h5 38. Rd7 Ra2 39. Rc7 Rb2 40. Rd7 Ra2
41. Rc7 Rb2 42. Rd7 Ra2 1/2-1/2

[Event "MrDodgy Invitational 2"]
[Site "chess24.com INT"]
[Date "2021.05.13"]
[Round "1.7"]
[White "Grandelius, Nils"]
[Black "Shirov, Alexei"]
[Result "1-0"]
[WhiteTitle "GM"]
[BlackTitle "GM"]
[WhiteElo "2670"]
[BlackElo "2662"]
[WhiteFideId "1710400"]
[BlackFideId "2209390"]
[EventDate "2021.05.12"]
[EventType "k.o."]

1. e4 e6 2. d4 d5 3. Nd2 Be7 4. e5 c5 5. c3 Nc6 6. Bd3 Nh6 7. Ne2 Nf5 8. Nf3
cxd4 9. cxd4 h5 10. h4 Qb6 11. Bxf5 exf5 12. O-O Be6 13. Bg5 f6 14. Be3 fxe5 15.
dxe5 d4 16. Nexd4 Nxd4 17. Nxd4 Qa6 18. Qf3 O-O 19. Qxh5 f4 20. Bd2 Rad8 21. Bc3
Bc8 22. Rfe1 Rd5 23. Qf3 Qc4 24. Re4 1-0

[Event "MrDodgy Invitational 2"]
[Site "chess24.com INT"]
[Date "2021.05.13"]
[Round "1.8"]
[White "Shirov, Alexei"]
[Black "Grandelius, Nils"]
[Result "0-1"]
[WhiteTitle "GM"]
[BlackTitle "GM"]
[WhiteElo "2662"]
[BlackElo "2670"]
[WhiteFideId "2209390"]
[BlackFideId "1710400"]
[EventDate "2021.05.12"]
[EventType "k.o."]

1. e4 c5 2. Nf3 d6 3. d4 cxd4 4. Nxd4 Nf6 5. Nc3 a6 6. h3 e5 7. Nb3 Be6 8. f4 b5
9. Be3 b4 10. Nd5 Nbd7 11. Bc4 Bxd5 12. Bxd5 Nxd5 13. Qxd5 Rc8 14. O-O Be7 15.
fxe5 Nxe5 16. Nd4 O-O 17. Rad1 Nc4 18. Bc1 Bf6 19. Kh1 Rc5 20. Qb7 a5 21. b3
Bxd4 22. Rxd4 Ne5 23. Bf4 Qf6 24. Qa6 Rxc2 25. Rxd6 Qe7 26. Rd2 Rxd2 27. Bxd2
Qc5 28. Bf4 h6 29. Kh2 Re8 30. Bg3 Ng6 31. Rf5 Qc2 32. Qb7 Re7 33. Qb8+ Kh7 34.
Rxa5 Rxe4 35. Ra8 Ne7 36. Qh8+ Kg6 37. Ra6+ f6 38. Qe8+ Kh7 39. Ra7 Re2 40. Qa8
Nf5 41. Qf3 Ne3 0-1

[Event "MrDodgy Invitational 2"]
[Site "chess24.com INT"]
[Date "2021.05.13"]
[Round "1.1"]
[White "Svidler, Peter"]
[Black "Fressinet, Laurent"]
[Result "0-1"]
[WhiteTitle "GM"]
[BlackTitle "GM"]
[WhiteElo "2714"]
[BlackElo "2638"]
[WhiteFideId "4102142"]
[BlackFideId "608742"]
[EventDate "2021.05.12"]
[EventType "k.o."]

1. c4 Nf6 2. g3 e6 3. Bg2 d5 4. b3 Be7 5. Bb2 d4 6. Nf3 c5 7. e3 Nc6 8. exd4
cxd4 9. O-O O-O 10. Re1 Bc5 11. d3 Re8 12. Ne5 Nxe5 13. Rxe5 Nd7 14. Re1 e5 15.
Nd2 a5 16. Ne4 Bf8 17. Rc1 f5 18. Nd2 Nc5 19. Nf3 Bd6 20. Ba3 Nxd3 21. Qxd3 Bxa3
22. Rcd1 e4 23. Qxd4 Be6 24. Rd3 0-1

[Event "MrDodgy Invitational 2"]
[Site "chess24.com INT"]
[Date "2021.05.13"]
[Round "1.2"]
[White "Fressinet, Laurent"]
[Black "Svidler, Peter"]
[Result "1-0"]
[WhiteTitle "GM"]
[BlackTitle "GM"]
[WhiteElo "2638"]
[BlackElo "2714"]
[WhiteFideId "608742"]
[BlackFideId "4102142"]
[EventDate "2021.05.12"]
[EventType "k.o."]

1. Nf3 g6 2. e4 Bg7 3. d4 d6 4. Bc4 e6 5. Bb3 Ne7 6. c3 h6 7. Nbd2 Nd7 8. Nf1 b5
9. Ng3 Bb7 10. O-O c5 11. a4 bxa4 12. Bxa4 cxd4 13. cxd4 O-O 14. Be3 Nf6 15. Bc2
Nc6 16. h3 Nb4 17. Bb1 a5 18. Qd2 Kh7 19. Rc1 d5 20. e5 Ne4 21. Qe1 Qe7 22. Nd2
Nxg3 23. fxg3 a4 24. Nf3 Ba6 25. Qd2 Bc4 26. h4 Rfc8 27. h5 Bb3 28. Rc3 Rxc3 29.
bxc3 Nc6 30. Nh4 Na5 31. hxg6+ fxg6 32. Nxg6 Qe8 33. Ne7+ Kh8 34. Qd3 1-0